Measuring the Portfolio Performance

Kvantitatívne a kvalitatívne techniky merania výkonnosti portfólia. Potreba znalosti individuálnych zložiek portfólia a tvorba benčmarku. Distribúcia návratnosti zložiek portfólia. Modely hodnotenia portfólia - vbýhody a nevýhody.

Salvato in:
Dettagli Bibliografici
Autore principale: Kmeťko, Miroslav, 1969-
Altri autori: Badura, Peter, 1978-, Škriniar, Pavel, 1979-
Natura: Capitolo di libro
Lingua:inglese
Soggetti:
Tags: Aggiungi Tag
Nessun Tag, puoi essere il primo ad aggiungerne!!

MARC

LEADER 00000naa a2200000 4500
001 0200324
005 20240502083509.3
041 0 |a eng 
044 |a CZ 
245 1 0 |a Measuring the Portfolio Performance  |c Miroslav Kmeťko, Peter Badura, Pavel Škriniar 
520 |a Kvantitatívne a kvalitatívne techniky merania výkonnosti portfólia. Potreba znalosti individuálnych zložiek portfólia a tvorba benčmarku. Distribúcia návratnosti zložiek portfólia. Modely hodnotenia portfólia - vbýhody a nevýhody. 
610 2 0 |a meranie výkonnosti 
610 2 0 |a fondy akciové 
610 2 0 |a fondy investičné 
610 2 0 |a analýzy 
610 2 0 |a efektívnosť investícií 
610 2 0 |a portfólio 
100 1 |a Kmeťko, Miroslav, 1969- 
700 1 |a Badura, Peter, 1978- 
700 1 |a Škriniar, Pavel, 1979-